000 00523nam a2200181Ia 4500
005 20250326144134.0
008 250326s9999 xx 000 0 und d
037 _aTextbook
040 _aFMSL
_beng
_cFMSL
041 _aeng
_2eng
084 _aX:8M K5
_qFMSL
100 _aFederal Electric Corporation
_9613314
245 0 _aHow to write effective reports
_cFederal Electric Corporation
260 _aUSA
_bUSA, Addison-Wesley
_c1965
300 _a310p
942 _cTB
_hX:8M K5
999 _c1302519
_d1302519